| 000 | 00595nam a2200229Ia 4500 | ||
|---|---|---|---|
| 003 | OSt | ||
| 005 | 20220928135526.0 | ||
| 006 | a|||||r|||| 00| 0 | ||
| 007 | ta | ||
| 008 | 220927b |||||||| |||| 00| 0 eng d | ||
| 024 | _a2781 | ||
| 037 | _cTextual | ||
| 040 |
_aSDCL _cSDCL _beng |
||
| 041 |
_2eng _aeng |
||
| 082 | _aX:514, N4 | ||
| 100 |
_aPetersen Christian _9491213 |
||
| 245 | 0 | _aSales promotion in postmodern marketing | |
| 260 | _c1994 | ||
| 700 |
_a Toop Alan _9491214 |
||
| 942 |
_hX:514, N4 _cTEXL _2CC |
||
| 999 |
_c806590 _d806590 |
||